[Event "AUTO-OPEN-1166"]
[Site "http://www.queenalice.com/game.php?id=419622"]
[Date "2008.6.18"]
[Round "1"]
[White "tiaokarreirov"]
[Black "fleite"]
[Result "0-1"]
[WhiteElo "2139"]
[BlackElo "1846"]

1. d4 d5 2. c4 c6 3. Nc3 Nf6 4. Nf3 a6 5. a4 e6 6. c5 a5 7. Bg5 Be7 8. e3 O-O 9.
Bd3 Na6 10. Bxa6 Rxa6 11. Ne5 Nd7 12. Bxe7 Qxe7 13. Nxd7 Bxd7 14. Qd3 e5 15. O-O
e4 16. Qe2 Bc8 17. Na2 Bf5 18. f3 exf3 19. Qxf3 Bg6 20. Qe2 Raa8 21. Qd2 Rfb8
22. Rac1 b6 23. cxb6 Rxb6 24. Rc5 Rab8 25. Rxa5 Rxb2 26. Qxb2 Rxb2 27. Ra8+ Qf8
28. Rxf8+ Kxf8 29. Rf2 Rb3 30. a5 Ke7 31. h4 Bd3 32. Kh2 Bc4 33. Rc2 Rxe3 34.
Nb4 Kd6 35. Rf2 c5 36. Nc2 Re7 37. Rf3 Re2 38. dxc5+ Kxc5 39. Ne3 f6 40. h5 Bd3
41. Rg3 d4 42. Nf1 Be4 43. Rxg7 d3 44. a6 d2 45. Nxd2 Rxd2 46. a7 Ra2 47. Kh3
Kd6 48. h6 Kc6 49. Re7 Bc2 50. Re6+ Kb7 51. Rxf6 Kxa7 52. g4 Ra6 53. Rf7+ Kb6
54. Kg3 Kc5 55. g5 Ra3+ 56. Kf4 Ra4+ 57. Kf3 Kd6 58. Rg7 Bg6 59. Rg8 Ke5 0-1

[Event "AUTO-OPEN-1166"]
[Site "http://www.queenalice.com/game.php?id=419623"]
[Date "2008.6.18"]
[Round "1"]
[White "fleite"]
[Black "tiaokarreirov"]
[Result "1-0"]
[WhiteElo "1634"]
[BlackElo "2146"]

1. Nf3 d5 2. c4 d4 3. b4 Nf6 4. Bb2 e5 5. Nxe5 Bxb4 6. Qa4+ Nfd7 7. Nxd7 Nxd7 8.
Qxb4 c5 9. Qb3 O-O 10. g3 Re8 11. Bg2 h6 12. e3 Ne5 13. O-O Be6 14. Na3 b5 15.
exd4 cxd4 16. Qxb5 Rb8 17. Qxe5 Rxb2 18. Rfe1 Rxd2 19. Nb5 Bd7 20. Qf4 Rxa2 21.
Bd5 Rxe1+ 22. Rxe1 Qf6 23. Qxf6 gxf6 24. Nxd4 Kf8 25. Kg2 Rd2 26. Nb3 Ra2 27.
Ra1 Rxa1 28. Nxa1 a5 29. Kf3 1-0

[Event "AUTO-OPEN-1166"]
[Site "http://www.queenalice.com/game.php?id=419648"]
[Date "2008.6.18"]
[Round "1"]
[White "DaHunter"]
[Black "fleite"]
[Result "0-1"]
[WhiteElo "1556"]
[BlackElo "1746"]

1. d4 d5 2. c4 c6 3. Nf3 Nf6 4. Nc3 a6 5. Bf4 dxc4 6. e3 b5 7. a4 Bb7 8. axb5
cxb5 9. Be2 e6 10. O-O Nc6 11. Bg5 h6 12. Bh4 Be7 13. b3 cxb3 14. Qxb3 O-O 15.
Bxf6 Bxf6 16. Na4 Be7 17. Nc5 Bxc5 18. dxc5 Qe7 19. Qc3 Rac8 20. Rac1 Rc7 21.
Nd2 Nb8 22. Ne4 Bxe4 23. Qe5 Bb7 24. Rfd1 Qg5 25. Qxg5 hxg5 26. g3 Nd7 27. Rxd7
Rxd7 28. c6 Rc8 0-1

[Event "AUTO-OPEN-1166"]
[Site "http://www.queenalice.com/game.php?id=419649"]
[Date "2008.6.18"]
[Round "1"]
[White "fleite"]
[Black "DaHunter"]
[Result "1-0"]
[WhiteElo "1712"]
[BlackElo "1556"]

1. Nf3 d5 2. c4 d4 3. e3 dxe3 4. fxe3 Bg4 5. d4 e6 6. Be2 Nf6 7. O-O Nc6 8. Nc3
Bd6 9. c5 Be7 10. Qa4 O-O 11. Ba6 bxa6 12. Qxc6 Qc8 13. Ne5 Bh5 14. h3 Bg6 15.
e4 Rd8 16. Be3 Rb8 17. Nxg6 fxg6 18. Rf2 Bf8 19. Raf1 Re8 20. e5 Nd5 21. Nxd5
exd5 22. Qxd5+ Kh8 23. e6 1-0

[Event "AUTO-OPEN-1166"]
[Site "http://www.queenalice.com/game.php?id=419664"]
[Date "2008.6.18"]
[Round "1"]
[White "geraldera"]
[Black "fleite"]
[Result "0-1"]
[WhiteElo "1219"]
[BlackElo "1564"]

1. e4 c6 2. d4 d5 3. e5 Bf5 4. f4 e6 5. Bd2 c5 6. c3 Nc6 7. Bb5 Qb6 8. Qe2 a6 9.
Bd3 Bxd3 10. Qxd3 Qxb2 0-1

[Event "AUTO-OPEN-1166"]
[Site "http://www.queenalice.com/game.php?id=419665"]
[Date "2008.6.18"]
[Round "1"]
[White "fleite"]
[Black "geraldera"]
[Result "1-0"]
[WhiteElo "1500"]
[BlackElo "1227"]

1. Nf3 d5 2. c4 d4 3. g3 Nc6 4. Bg2 e5 5. d3 Nb4 6. Nxe5 c5 7. a3 Qa5 8. O-O Bd6
9. Nf3 Nf6 10. Bd2 O-O 11. Qb3 Bd7 12. Ra2 1-0

[Event "Challenge"]
[Site "http://www.queenalice.com/game.php?id=442067"]
[Date "2008.8.1"]
[Round "-"]
[White "fleite"]
[Black "aureliano"]
[Result "1-0"]
[WhiteElo "1582"]
[BlackElo "1390"]

1. e4 e5 2. Nf3 Bd6 3. Bc4 Nf6 4. Nc3 O-O 5. O-O c5 6. d3 Nc6 7. Nd5 a6 8. Bg5
Qe8 9. Bxf6 b5 10. Nh4 Qe6 11. Nf5 gxf6 12. Qg4+ Kh8 13. Qg7# 1-0

[Event "Challenge"]
[Site "http://www.queenalice.com/game.php?id=455383"]
[Date "2008.8.29"]
[Round "-"]
[White "ZUMBI"]
[Black "fleite"]
[Result "0-1"]
[WhiteElo "1699"]
[BlackElo "1634"]

1. e4 c6 2. d4 d5 3. Nc3 dxe4 4. Nxe4 Nd7 5. Nf3 Ngf6 6. Nxf6+ Nxf6 7. Bc4 Bf5
8. O-O e6 9. Bg5 Bd6 10. Re1 h6 11. Bh4 Qc7 12. a4 O-O-O 13. a5 Bg4 14. h3 g5
15. Bxg5 hxg5 16. hxg4 Nxg4 17. g3 Bxg3 18. Nxg5 Bxf2+ 19. Kg2 Qg3+ 20. Kf1 Nh2+
21. Ke2 Qe3# 0-1

[Event "Challenge"]
[Site "http://www.queenalice.com/game.php?id=455385"]
[Date "2008.8.29"]
[Round "-"]
[White "fleite"]
[Black "ZUMBI"]
[Result "1-0"]
[WhiteElo "1773"]
[BlackElo "1824"]

1. Nf3 d5 2. c4 Nf6 3. b3 Nc6 4. Bb2 Bg4 5. d4 Ne4 6. cxd5 Qxd5 7. Nfd2 O-O-O 8.
Nxe4 Qxe4 9. f3 Bxf3 10. Nd2 Bxe2 11. Nxe4 Bxd1 12. Rxd1 h5 13. Ng5 Rd5 14. Nxf7
Rh7 15. Bd3 e5 16. Bxh7 Bb4+ 17. Ke2 exd4 18. Be4 Rd7 19. Bf5 d3+ 20. Rxd3 Bd6
21. Nxd6+ cxd6 22. Rxd6 Ne5 23. Bxe5 g6 24. Bxd7+ Kd8 25. Rc1 a5 26. Bf6# 1-0